000 00456nam a2200145Ia 4500
008 230917s9999||||xx |||||||||||||| ||und||
040 _e152112
_aMAIN
041 _aEnglish
082 _a294.1 A49V
100 _aAbhyankar, Kashinath Vasudev, ed.
245 0 _aVedavikratilaksana-samgraha: A collection of twelve tracts on Vedavikratis and allied topics
260 _aPune
_bBhandarkar Oriental Research Institute
_c1978
300 _a167 p.
942 _cBK
999 _c43671
_d43671